| 000 | 00000nam##2200000za#4500 |
| 001 | 9.574726 |
| 003 | CaOODSP |
| 005 | 20210624184326 |
| 007 | cr ||||||||||| |
| 008 | 150406|1998||||xxc|||||o f|0| 0 eng|d |
| 022 | |a1205-9153 |
| 040 | |aCaOODSP|beng |
| 043 | |an-cn--- |
| 086 | 1 |aCS11-0019/126E-PDF |
| 245 | 00|aComputers, fax machines and wages in Canada : |h[electronic resource]|bwhat really matters? / |cby René Morissette and Marie Drolet. |
| 260 | |aOttawa - Ontario : |bStatistics Canada. |cOctober 1998. |
| 300 | |a28p.|btables |
| 490 | 1 |aAnalytical Studies Branch research paper series|x1205-9153|vNo. 126 |
| 500 | |aThe catalogue number (11F0019MPE), ISBN (0-660-17607-6) and ISSN (1200-5223) for the print edition have been incorrectly copied in this electronic publication. |
| 504 | |aBibliography. |
| 590 | |a12-34-Supp|b2012-07-31 |
| 710 | 1 |aCanada.|bStatistics Canada. |bBusiness and Labour Market Analysis Division. |
| 720 | 1 |aMorissette, René |
| 720 | 1 |aDrolet, Marie |
| 775 | 08|tLes ordinateurs, les télécopieures et les salaires au Canada : |w(CaOODSP)9.604461 |
| 830 | #0|aResearch paper series (Statistics Canada. Analytical Studies Branch)|x1205-9153|vNo. 126|w(CaOODSP)9.504421 |
| 856 | 40|ahttp://publications.gc.ca|qPDF|s87 KB|uhttps://publications.gc.ca/collections/Collection/CS11-0019-126E.pdf|yNo. 126 |